00421nam a2200157Ia 45000010006000000050017000060080041000230410008000640820015000721000025000872450091001122600009002033000035002126500008002476540008002551360720260306164813.0260306t2016||||xx |||||||||||||| ||spa|| aESP a005.1bD31 aDavis, JennifereAUT 0aEffective dev0ps:bbuilding a culture of collaboration, affinity, and toolind at scale c2016 axxvii, 378 páginas :c23 cm. aGEN aCCC